MARC details
| 000 -CABECERA |
| campo de control de longitud fija |
00948nam a2200277 a 4500 |
| 001 - NÚMERO DE CONTROL |
| campo de control |
000023615 |
| 005 - FECHA Y HORA DE LA ÚLTIMA TRANSACCIÓN |
| campo de control |
20250225110539.0 |
| 008 - DATOS DE LONGITUD FIJA--INFORMACIÓN GENERAL |
| campo de control de longitud fija |
101215s1999 sp a r 000 0 spa d |
| 020 ## - NÚMERO INTERNACIONAL ESTÁNDAR DEL LIBRO |
| Número Internacional Estándar del Libro |
8420639761 |
| 040 ## - FUENTE DE LA CATALOGACIÓN |
| Centro catalogador/agencia de origen |
DO-SdBNP |
| Lengua de catalogación |
spa |
| Centro/agencia transcriptor |
BNPHU |
| 041 17 - CÓDIGO DE LENGUA |
| Código de lengua del texto/banda sonora o título independiente |
spa |
| Código de lengua original |
eng |
| Fuente del código |
Código de idioma MARC |
| 082 ## - NÚMERO DE LA CLASIFICACIÓN DECIMAL DEWEY |
| Número de clasificación |
575.1 |
| Número de documento/Ítem |
D879g |
| 049 ## - FONDOS LOCALES (OCLC) |
| Fondos de biblioteca |
BNGR |
| 100 1# - ENTRADA PRINCIPAL--NOMBRE DE PERSONA |
| Nombre de persona |
Dulbecco, Renato |
| 9 (RLIN) |
48654 |
| 240 10 - TÍTULO UNIFORME |
| Título uniforme |
I geni e il nostro futuro. |
| Lenguaje de la obra |
Español. |
| 245 14 - MENCIÓN DE TÍTULO |
| Título |
Los genes y nuestro futuro : |
| Resto del título |
la apuesta del Proyecto Genoma / |
| Mención de responsabilidad, etc. |
Renato Dulbecco ; traducción Esther Benítez. |
| 260 ## - PUBLICACIÓN, DISTRIBUCIÓN, ETC. |
| Lugar de publicación, distribución, etc. |
Madrid : |
| Nombre del editor, distribuidor, etc. |
Alianza, |
| Fecha de publicación, distribución, etc. |
1999. |
| 300 ## - DESCRIPCIÓN FÍSICA |
| Extensión |
243, [4] p. : |
| Otras características físicas |
il. ; |
| Dimensiones |
18 cm. |
| 490 1# - MENCIÓN DE SERIE |
| Mención de serie |
El libro de bolsillo |
| -- |
biología |
| Designación de volumen o secuencia |
2751 |
| 534 ## - NOTA SOBRE LA VERSIÓN ORIGINAL |
| Encabezamiento principal del original |
Título original: |
| Mención de título del original |
I geni e il nostro futuro |
| 650 #4 - PUNTO DE ACCESO ADICIONAL DE MATERIA--TÉRMINO DE MATERIA |
| Término de materia o nombre geográfico como elemento de entrada |
Genes |
| 9 (RLIN) |
48655 |
| 650 #4 - PUNTO DE ACCESO ADICIONAL DE MATERIA--TÉRMINO DE MATERIA |
| Término de materia o nombre geográfico como elemento de entrada |
Genética |
| 9 (RLIN) |
48656 |
| 650 #0 - PUNTO DE ACCESO ADICIONAL DE MATERIA--TÉRMINO DE MATERIA |
| Término de materia o nombre geográfico como elemento de entrada |
Biología |
| 9 (RLIN) |
27259 |
| 700 1# - PUNTO DE ACCESO ADICIONAL--NOMBRE DE PERSONA |
| Nombre de persona |
Benítez, Esther |
| Término indicativo de función/relación |
tr. |
| 9 (RLIN) |
13796 |
| 830 #0 - PUNTO DE ACCESO ADICIONAL DE SERIE-TÍTULO UNIFORME |
| Título uniforme |
El libro de bolsillo ; |
| Nombre de parte o sección de la obra |
biología |
| Designación de volumen o secuencia |
2751 |
| 9 (RLIN) |
48657 |